Data structures through `C` language : (Record no. 216)

MARC details
000 -LEADER
fixed length control field 00675cam a2200241ua 4500
008 - FIXED-LENGTH DATA ELEMENTS--GENERAL INFORMATION
fixed length control field 110326n ii |||gr||||Z||||||eng
020 ## - INTERNATIONAL STANDARD BOOK NUMBER
International Standard Book Number 81-8333-010-X
020 ## - INTERNATIONAL STANDARD BOOK NUMBER
International Standard Book Number 978-81-8333-010-7
040 ## - CATALOGING SOURCE
Transcribing agency MAIN
082 ## - DEWEY DECIMAL CLASSIFICATION NUMBER
Classification number 005.73
245 10 - TITLE STATEMENT
Title Data structures through `C` language :
Remainder of title `A` level made simple /
Statement of responsibility, etc. by Madhulika Jain
250 ## - EDITION STATEMENT
Edition statement 2nd.
260 ## - PUBLICATION, DISTRIBUTION, ETC.
Place of publication, distribution, etc. New Delhi:
Name of publisher, distributor, etc. BPB publications,
Date of publication, distribution, etc. 2007.
300 ## - PHYSICAL DESCRIPTION
Extent xiv, 289p.:
Other physical details ill.;8cm.
700 1# - ADDED ENTRY--PERSONAL NAME
Personal name Jain, Madhulika,
Relator term
700 1# - ADDED ENTRY--PERSONAL NAME
Personal name Singh, Shashi,
Relator term
700 1# - ADDED ENTRY--PERSONAL NAME
Personal name Jain, Satish,
942 ## - ADDED ENTRY ELEMENTS (KOHA)
Koha item type Books
653 ## - INDEX TERM--UNCONTROLLED
Uncontrolled term Computer science
653 ## - INDEX TERM--UNCONTROLLED
Uncontrolled term Data structure
653 ## - INDEX TERM--UNCONTROLLED
Uncontrolled term Programming language C
Holdings
Withdrawn status Lost status Damaged status Not for loan Home library Current library Shelving location Date acquired Total Checkouts Full call number Barcode Date last seen Copy number Price effective from Koha item type
        Central Library, Naharkatiya College Central Library, Naharkatiya College General Stacks 19/09/2020   005.73 | JAI 19106 19/09/2020 1 19/09/2020 Books

Naharkatiya College © 2020. All rights reserved.

Powered By